The Decline of the west (Record no. 5081)
[ view plain ]
| 000 -LEADER | |
|---|---|
| fixed length control field | 00496 a2200169 4500 |
| 003 - CONTROL NUMBER IDENTIFIER | |
| control field | NUST |
| 005 - DATE AND TIME OF LATEST TRANSACTION | |
| control field | 20231013100026.0 |
| 008 - FIXED-LENGTH DATA ELEMENTS--GENERAL INFORMATION | |
| fixed length control field | 231013b ||||| |||| 00| 0 eng d |
| 082 ## - DEWEY DECIMAL CLASSIFICATION NUMBER | |
| Classification number | 909 |
| Author Mark | SPE |
| 100 ## - MAIN ENTRY--PERSONAL NAME | |
| Personal name | Spengler, Oswald. |
| 9 (RLIN) | 17882 |
| 245 ## - TITLE STATEMENT | |
| Title | The Decline of the west |
| Statement of responsibility, etc. | Oswald,Spengler. |
| 260 ## - PUBLICATION, DISTRIBUTION, ETC. | |
| Place of publication, distribution, etc. | Islamabad: |
| Name of publisher, distributor, etc. | National Book Foundation, |
| Date of publication, distribution, etc. | 1971. |
| 300 ## - PHYSICAL DESCRIPTION | |
| Extent | xxix , 414 p ; |
| Other physical details | ill : |
| Dimensions | 23 cm. |
| 500 ## - GENERAL NOTE | |
| General note | Includes Index |
| 650 ## - SUBJECT ADDED ENTRY--TOPICAL TERM | |
| Topical term or geographic name entry element | 1.Civilization--History. |
| 9 (RLIN) | 118503 |
| 942 ## - ADDED ENTRY ELEMENTS (KOHA) | |
| Koha item type | Book |
| Call number prefix | 901 SPE |
| Source of classification or shelving scheme | |
| Withdrawn status | Lost status | Source of classification or shelving scheme | Damaged status | Not for loan | Permanent Location | Current Location | Shelving location | Date acquired | Source of acquisition | Cost, normal purchase price | Total Checkouts | Full call number | Barcode | Date last seen | Date last checked out | Price effective from | Koha item type | Total Renewals |
|---|---|---|---|---|---|---|---|---|---|---|---|---|---|---|---|---|---|---|
| Central Library (CL) | Central Library (CL) | General Stacks | 05/05/2008 | Donation | 0.00 | 1 | 909 SPE | SEECS009064 | 11/14/2016 | 10/13/2016 | 01/05/2017 | Book | ||||||
| Central Library (CL) | Central Library (CL) | General Stacks | 05/05/2008 | Donation | 0.00 | 3 | 909 SPE | SEECS009065 | 02/08/2022 | 11/19/2021 | 01/05/2017 | Book | 3 |
